Catálogo
 En Linea

Gobierno compartido : (Registro nro. 10617)

Detalles MARC
000 -CABECERA
campo de control de longitud fija 01377nam a2200169 a 4500
001 - NÚMERO DE CONTROL
campo de control 000010868
005 - FECHA Y HORA DE LA ÚLTIMA TRANSACCIÓN
campo de control 20200929162317.0
008 - DATOS DE LONGITUD FIJA--INFORMACIÓN GENERAL
campo de control de longitud fija 091012s1994 dr 001 0 spa d
040 ## - FUENTE DE LA CATALOGACIÓN
Centro catalogador/agencia de origen DO-SdBNP
Lengua de catalogación spa
Centro/agencia transcriptor BNPHU
082 ## - NÚMERO DE LA CLASIFICACIÓN DECIMAL DEWEY
Número de clasificación xxxx
Número de documento/Ítem G575c
049 ## - FONDOS LOCALES (OCLC)
Fondos de biblioteca BNPD
245 00 - MENCIÓN DE TÍTULO
Título Gobierno compartido :
Resto del título propuestas básicas 1994-1998 /
Mención de responsabilidad, etc. presentación José Fco. Peña Gómez.
260 ## - PUBLICACIÓN, DISTRIBUCIÓN, ETC.
Lugar de publicación, distribución, etc. Santo Domingo :
Nombre del editor, distribuidor, etc. Partido Revolucionario Dominicano
-- De Colores,
Fecha de publicación, distribución, etc. 1994.
300 ## - DESCRIPCIÓN FÍSICA
Extensión 137 p. ;
Dimensiones 27 cm.
505 2# - NOTA DE CONTENIDO CON FORMATO
Nota de contenido con formato Modernización y reforma del estado -- Política de relaciones exteriores -- Fuerzas Armadas y Policia Nacional -- Planificación y políticas económicas -- Política de energía -- Política de transporte -- Política agropecuaria -- Política de recursos hídricos -- Recurso naturales y medio ambiente -- Política industrial -- Política minera y petrolera -- Política de turismo -- Políticas sociales -- Política cultural -- Política científica y tecnologica -- Política de salud y seguridad social -- Política de la mujer -- Política de juventud -- Política de deportes y recreación -- Política de población y familia -- Política de desarrollo urbano y catastro -- Política habitacional -- Política de aguas potables y alcantarillado -- Política sindical y relaciones laborales -- Política de precios y salarios.
700 1# - PUNTO DE ACCESO ADICIONAL--NOMBRE DE PERSONA
Nombre de persona Peña Gómez, José Fco.
9 (RLIN) 26204
Existencias
Estado de retiro Estado de pérdida No para préstamo Código de colección Localización permanente Ubicación/localización actual Ubicación en estantería Fecha de adquisición Número de inventario Total de préstamos Signatura topográfica completa Código de barras Fecha visto por última vez Precio válido a partir de Tipo de ítem Koha
    Excluido de préstamo Patrimonio Dominicano Patrimonio Dominicano Patrimonio Dominicano En catalogación 12.10.2009 LF1   xxxx G575c 10868-10 25.06.2020 25.06.2020 Libro y Folleto Colección Patrimonio Dominicano

Con tecnología Koha